| 000 | 00752nam a22001817a 4500 | ||
|---|---|---|---|
| 999 |
_c7187 _d7187 |
||
| 003 | AR-CdUCM | ||
| 008 | 190320b ||||| |||| 00| 0 spa d | ||
| 040 |
_aMUNICIPALIDAD PROVINCIAL DEL CUSCO _cBIBLIOTECA MUNICIPAL DEL CUSCO |
||
| 041 | _h84-7505-079-4 | ||
| 082 |
_a540 / _bM96 |
||
| 245 |
_aEl mundo de la física : _bCurso teórico-práctico / |
||
| 260 |
_aBarcelona : _bOcéano, _c1988. |
||
| 300 |
_a192 paginas : _bIlustraciones, gráficos, _c31 cm. |
||
| 505 | _aContenido :V.1 :Capitulo 1: Estática y cinemática Capitulo 2: Dinámica, trabajo,potencia, energía --V.2 :Capitulo 3: Fluido, gases,calorimetria y acústica --Capitulo 4: Optica,magnetismo ,electricidad / | ||
| 650 |
_aQuímica _94512 |
||
| 942 |
_2ddc _cLIBROS |
||
| 945 | _drjall | ||